| 000 | 01922nam a2200217Ia 4500 | ||
|---|---|---|---|
| 003 | Ost | ||
| 005 | 20260507074934.0 | ||
| 008 | 260507s9999||||xx |||||||||||||| ||und|| | ||
| 040 | _cfsecg | ||
| 041 | _aara | ||
| 082 | _a658 | ||
| 100 |
_aجواد، ناجي شوقي _eمؤلف |
||
| 245 | 0 |
_aدراسات خاصة في ادارة الاعمال / _c ناجي شوقي جواد |
|
| 260 |
_aعمان: _bدار الاهلية للنشر, _c2006 |
||
| 300 |
_a352 صفحة؛ _c24 سم |
||
| 504 | _aبيبليوغرافيا ص.347 | ||
| 520 | _aالعوامل المؤثرة في الفاعلية التنظيمية ، قياس أثر إداراك المعرفة في تنظيفيها لدى المنظمات الاردنية ، الرقابة الادارية ودورها في تحسين الأداء المؤسسي باتجاه تطوير نموذج لتحسين الاداء ، تحليل كفاءة وفاعلية القرارات الاستراتجية المستندة إلى نظم المعلومات الادارية المحوسبة في البنوكة التجارية في الأردن ، قياس مدى تطبيق منظمات الاعمال لاستراتجية التغيير والتطوير وأثرها على الفاعلية ، دور تكنولوجيا المعلومات في اعادة هندسة عمليات الأعمال ، تقييم أثر تطبيق استراتجيات التحجيم على الاداء المؤسسي للشركات الصناعية الاردنية ، أثر النمط القيادي لرؤساء الاقسام على السلوك الابداعي لدى المرؤوسين المباشرين ، قياس الرضا الوظيفي لدى العاملين في الجهاو المصرفي الأردني وأثره على الاداء | ||
| 653 | _aادارة الاعمال | ||
| 700 |
_aحجازي، هيثم علي _eمؤلف ثانوي |
||
| 942 | _cكتاب | ||
| 999 |
_c41875 _d41875 |
||